000 00846cam a2200265 a 4500
999 _c10539
_d10539
005 20220404112902.0
008 110825s2012 njua b 001 0 eng
010 _a 2011035018
020 _a9781405194792 (pbk. : alk. paper)
040 _aDLC
_cDLC
042 _apcc
050 0 0 _aNA2543.T43
_bE46 2012
082 0 0 _a720.1/05
_223
100 1 _aEmmitt, Stephen.
245 1 0 _aArchitectural technology /
_cStephen Emmitt.
250 _a2nd ed.
260 _aHoboken :
_bWiley-Blackwell,
_c2012.
300 _axv, 247 p. :
_bill. ;
_c26 cm.
504 _aIncludes bibliographical references (p. [229]-234) and index.
650 0 _aArchitecture
_xTechnological innovations.
650 0 _aArchitecture and technology.
650 0 _aArchitectural design
_xTechnique.
906 _a7
_bcbc
_corignew
_d1
_eecip
_f20
_gy-gencatlg
942 _2ddc